Hindī sāhitya. (Record no. 74008)
[ view plain ]
| 000 -LEADER | |
|---|---|
| fixed length control field | 00952cam a22002651 4500 |
| 001 - CONTROL NUMBER | |
| control field | sa 67003716 |
| 003 - CONTROL NUMBER IDENTIFIER | |
| control field | DLC |
| 005 - DATE AND TIME OF LATEST TRANSACTION | |
| control field | 20260227112340.0 |
| 008 - FIXED-LENGTH DATA ELEMENTS--GENERAL INFORMATION | |
| fixed length control field | 881102m19591999ii b 000 0 hino |
| 010 ## - LIBRARY OF CONGRESS CONTROL NUMBER | |
| LC control number | sa 67003716 |
| 035 ## - SYSTEM CONTROL NUMBER | |
| System control number | (OCoLC)23541636 |
| 040 ## - CATALOGING SOURCE | |
| Original cataloging agency | DLC |
| Transcribing agency | MiU |
| Modifying agency | NRU |
| -- | DLC |
| 042 ## - AUTHENTICATION CODE | |
| Authentication code | premarc |
| 050 00 - LIBRARY OF CONGRESS CALL NUMBER | |
| Classification number | PK2031 |
| Item number | .V28 |
| 100 1# - MAIN ENTRY--PERSONAL NAME | |
| Personal name | Varmā, Dhīrendra, |
| Dates associated with a name | 1897-1973. |
| Relator term | ed. |
| 245 10 - TITLE STATEMENT | |
| Title | Hindī sāhitya. |
| Statement of responsibility, etc. | Sampd̄aka Dhīrendra Varmā (pradhāna) [tathā] Vrjeśvara Varmā (sahakārī). |
| 250 ## - EDITION STATEMENT | |
| Edition statement | [1. saṃskaraṇa] |
| 260 ## - PUBLICATION, DISTRIBUTION, ETC. | |
| Place of publication, distribution, etc. | Prayāga, |
| Name of publisher, distributor, etc. | Bhāratīya Hindī Parishad |
| Date of publication, distribution, etc. | [1959- ; |
| Name of publisher, distributor, etc. | v. |
| Date of publication, distribution, etc. | 1, 1962] |
| 300 ## - PHYSICAL DESCRIPTION | |
| Extent | v. |
| Other physical details | illus., geneal. tables, plates. |
| Dimensions | 25 cm. |
| 500 ## - GENERAL NOTE | |
| General note | In Hindi. |
| 504 ## - BIBLIOGRAPHY, ETC. NOTE | |
| Bibliography, etc. note | Bibliographical footnotes. |
| 505 1# - FORMATTED CONTENTS NOTE | |
| Formatted contents note | 1. Bhūmikā. -- 2. Prāraṃbha se san 1850 Ē. taka. -- 3. San 1850 Ē. ke bāda. |
| 650 #0 - SUBJECT ADDED ENTRY--TOPICAL TERM | |
| Topical term or geographic name entry element | Hindi literature |
| General subdivision | History and criticism. |
| 700 1# - ADDED ENTRY--PERSONAL NAME | |
| Personal name | Varmā, Vrajeśvara, |
| Dates associated with a name | 1913- |
| Relator term | joint ed. |
No items available.